Kent kooperatifçiliği onuncu teknik kongresi (Record no. 3270)

MARC details
000 -BAŞLIK
Sabit Uzunlukta Kontrol Alanı 01046na a2200265 4500
001 - KONTROL NUMARASI
Denetim Alanı 20504
003 - KONTROL NUMARASI IDENTIFIER
Denetim Alanı MIRAKIL
005 - SON İŞLEM TARİHİ VE ZAMANI
Denetim Alanı 20181213154926.0
008 - SABİT-BOY VERİ ELEMANLARI - GENEL BİLGİLER
Sabit Uzunlukta Kontrol Alanı 170124b tu 000 0
040 ## - KATALOGLAMA KAYNAK
Orijinal Kataloglama Ajansı Milas
Kataloglama Dili tur
Metne Dönüştürmek Ajansı TR-AnCHP
041 ## - DİL KODU
Metin / Ses Parça Veya Ayrı Başlığın Dil Kodu tur
082 ## - DEWEY ONLU SINIFLANDIRMA NUMARASI
Sınıflandırma Numarası 334
Ürün Numarası K35k 1995
090 ## - SINIFLAMA NUMARASI
Sınıflama Numarası 334 K35k 1995
110 ## - ANA GİRİŞ - KURUMSAL ADI
Giriş Elemanı Olarak Kurumsal Ad Veya Yargı Alanı Adı Kent Kooperatifçiliği Teknik Kongresi
Toplantının Yeri Kuşadası
Toplantı Veya Antlaşma İmzalandığı Tarihi 1995
Bölüm / Bölüm / Toplantı Sayısı 10.
245 ## - BAŞLIK TABLOSU
Başlık Kent kooperatifçiliği onuncu teknik kongresi
Başlığın Kalan 2-5 kasım 1995
-- Denetim birlikleri yapı tasarruf sistemleri
Sorumluluk Tablosu, Vb Türkiye Kent Kooperatifleri Merkez Birliği (TÜRKKENT
246 ## - UNVAN FORM VARYING
Başlık Doğru / Kısa Başlığı 2-5 kasım 1995
246 ## - UNVAN FORM VARYING
Başlık Doğru / Kısa Başlığı Denetim birlikleri yapı tasarruf sistemleri
260 ## - YAYIN, DAĞITIM, VB
Yayın, Dağıtım, Vb Yeri [Ankara]
Yayıncı, Dağıtıcı, Vs Adı Türkiye Kent Kooperatifleri Merkez Birliği (TÜRKKENT)
Yayın, Dağıtım, Vb Tarihi 1995
Üretici Firma Özyurt Matbaacılık
300 ## - FİZİKSEL TANIM
Kapsam 151 s.
Diğer Fiziksel Ayrıntıları fotg.
Boyutlar 23 sm.
650 ## - KONU KATMA GİRİŞ - TOPİKAL DÖNEM
Topikal Süreli Veya Coğrafi Ad Giriş Elemanı Kooperatifçilik, kent
Genel Alt Bölümü Toplantılar
Kronolojik Alt Bölümü 1995
710 ## - KATMA GİRİŞ - KURUMSAL ADI
Giriş Elemanı Olarak Kurumsal Ad Veya Yargı Alanı Adı Türkiye Kent Kooperatifleri Merkez Birliği (TÜRKKENT)
740 ## - KATMA GİRİŞ - KONTROLSUZ İLGİLİ / ANALİTİK BAŞLIK
Kontrol Edilmeyen / İlgili Analitik Başlıktaki 2-5 kasım 1995
740 ## - KATMA GİRİŞ - KONTROLSUZ İLGİLİ / ANALİTİK BAŞLIK
Kontrol Edilmeyen / İlgili Analitik Başlıktaki Denetim birlikleri yapı tasarruf sistemleri
942 ## - EKLENDİ GİRİŞ ELEMANLARI (KOHA)
Sınıflandırma Veya Raf Düzeni Kaynak Dewey Decimal Classification
Koha Öğesi Türü Books
999 ## - SİSTEM KONTROL NUMARALARI (KOHA)
Koha Biblionumber 3270
Koha Biblioitemnumber 3270
Holdings
Kalıcı Konum Mevcut Konum Edinme Tarihi Edinim Kaynak Toplam Check-Out'Lar Tam Çağrı Numarası Barkod Tarih Son Görülme İtibaren Geçerli Fiyatlar Koha Öğesi Türü
CHP Kütüphanesi CHP Kütüphanesi 01/23/2017 Bağış   334 K35k 1995 012058 01/23/2017 01/23/2017 Books